Personnages de Gumball par image - Statistiques

Statistiques générales
  • Ce quiz a été pris 162 fois
  • Le résultat moyen est 5 sur 16
Statistiques - réponses
Par images Réponse % Correct
Alan
75%
Tina
68%
Masami
66%
Hector
58%
Carmen
44%
leslie
44%
Molly
39%
Ocho
26%
Idaho
24%
Billy
21%
Sussie
17%
Hedges Gary
16%
Anton
14%
Mr Corneille
14%
Chi Chi
10%
Ribbit
6%
Aucun quiz correspondant
Distribution des résultats
% des personnes avec chaque résultat
Percentile par nombre de réponses
Votre historique - résultats
Vous n’avez pas pris ce quiz